<?xml version="1.0" encoding="UTF-8"?>
<record
    xmlns:xsi="http://www.w3.org/2001/XMLSchema-instance"
    xsi:schemaLocation="http://www.loc.gov/MARC21/slim http://www.loc.gov/standards/marcxml/schema/MARC21slim.xsd"
    xmlns="http://www.loc.gov/MARC21/slim">

  <leader>00828nam a22001935i 4500</leader>
  <controlfield tag="001">162021</controlfield>
  <controlfield tag="003">ES-MaACL</controlfield>
  <controlfield tag="005">20251105063136.0</controlfield>
  <controlfield tag="008">990701m18911892fr           |||| | fre d</controlfield>
  <datafield tag="040" ind1=" " ind2=" ">
    <subfield code="a">GA </subfield>
    <subfield code="b">spa </subfield>
    <subfield code="c">CCPB | 3D</subfield>
  </datafield>
  <datafield tag="100" ind1="1" ind2=" ">
    <subfield code="a">Philippson, Martin, </subfield>
    <subfield code="d">1846-1916</subfield>
    <subfield code="9">131111</subfield>
  </datafield>
  <datafield tag="245" ind1="1" ind2="0">
    <subfield code="a">Histoire du r&#xE8;gne de Marie Stuart / </subfield>
    <subfield code="c">par Martin Philippson.</subfield>
  </datafield>
  <datafield tag="260" ind1=" " ind2=" ">
    <subfield code="a">Paris : </subfield>
    <subfield code="b">Emile Bouillon, </subfield>
    <subfield code="c">1891-1892 (</subfield>
    <subfield code="e">Chartres : </subfield>
    <subfield code="f">Imprimerie Durand)</subfield>
  </datafield>
  <datafield tag="300" ind1=" " ind2=" ">
    <subfield code="a">3 v.  (XI, 344 p. 408 p. 520 p.) ; </subfield>
    <subfield code="c">22 cm.</subfield>
  </datafield>
  <datafield tag="596" ind1=" " ind2=" ">
    <subfield code="a">Marca tip. en port.</subfield>
  </datafield>
  <datafield tag="600" ind1="1" ind2="4">
    <subfield code="a">Mar&#xED;a </subfield>
    <subfield code="b">I </subfield>
    <subfield code="c">Reina de Escocia.</subfield>
    <subfield code="9">76666</subfield>
  </datafield>
  <datafield tag="852" ind1=" " ind2=" ">
    <subfield code="a">ES-MaACL</subfield>
    <subfield code="z">F-9668-70 </subfield>
    <subfield code="z">-- R&#xFA;st. </subfield>
    <subfield code="x">-- Edic.: completar T300 T. I. (XI, 344 p.) -- T. II. (408 p.) -- T. III. (520 p.) -- T600 Mar&#xED;a Estuardo, Reina de Escocia -- T651 Escocia-Historia</subfield>
  </datafield>
  <datafield tag="999" ind1=" " ind2=" ">
    <subfield code="c">162021</subfield>
    <subfield code="d">162021</subfield>
  </datafield>
  <datafield tag="952" ind1=" " ind2=" ">
    <subfield code="0">0</subfield>
    <subfield code="1">0</subfield>
    <subfield code="4">0</subfield>
    <subfield code="7">0</subfield>
    <subfield code="8">LIBXIX</subfield>
    <subfield code="a">ATENEOM</subfield>
    <subfield code="b">ATENEOM</subfield>
    <subfield code="c">SPP2</subfield>
    <subfield code="d">2008-01-17</subfield>
    <subfield code="l">0</subfield>
    <subfield code="o">F-9668-70</subfield>
    <subfield code="p">1169722</subfield>
    <subfield code="r">2023-02-23 00:00:00</subfield>
    <subfield code="w">2023-02-23</subfield>
    <subfield code="y">MONANT</subfield>
  </datafield>
</record>
